College Botany/ (Record no. 172633)

MARC details
000 -LEADER
fixed length control field 01208nam a22002417a 4500
005 - DATE AND TIME OF LATEST TRANSACTION
control field 20200210113557.0
010 ## - LCCN (DPL NO)
LC control number ENG-127771-78
020 ## - INTERNATIONAL STANDARD BOOK NUMBER
Terms of availability 450.00(v1)
035 ## - SYSTEM CONTROL NUMBER
System control number EN-111303-310
037 ## - SOURCE OF ACQUISITION
Source of stock number/acquisition DBAD/PUB
082 ## - DEWEY DECIMAL CLASSIFICATION NUMBER
Classification number 580
100 ## - MAIN ENTRY--PERSONAL NAME
Personal name Ragland,Annie
245 ## - TITLE STATEMENT
Title College Botany/
Statement of responsibility, etc by Annie Ragland,V.Kumaresan[and]N.Arumugam
246 ## - VARYING FORM OF TITLE
Title proper/short title Algae
250 ## - EDITION STATEMENT
Edition statement 1st ed.
260 ## - PUBLICATION, DISTRIBUTION, ETC. (IMPRINT)
Place of publication, distribution, etc Tamil Nadu
Name of publisher, distributor, etc Saras Publications
Date of publication, distribution, etc 2016
270 ## - ADDRESS
Address 114/35G,A.R.P.Camp Road,Reriavilai,Kottar P.O.,Nagercoil
City Kanyakumari Dist
Postal code 629002
300 ## - PHYSICAL DESCRIPTION
Extent 8-vols,(xxii,746p.; xx,551p.;xviii,538p.;xvii,514p.;xxii,825p.;xxii,814p.;xxii,802p.;xviii,573p.)
Dimensions 23cm(pbk)
505 ## - FORMATTED CONTENTS NOTE
Formatted contents note vol-1-Algae--vol-2-Fungi,Lichens,Bacteria,Viruses,Plant Pathology,Plant Protection,Plant Immunity--vol-3-Bryophytes,Pteridophytes,Gymnosperms,Palaeobotany--vol-4-Angiosperm,Morphology,Taxonomy,Families Economic Botany,Medicinal Botany,Ethnobotany--vol-5-Cell Biology, Molecular Biology,Genetics--vol-6-Plant Anatomy,Micro Techniques,Embryology,Horticulture,Plant Breeding--vol-7-Plant Physiology--vol-8-Plant Ecology,Phytogeography.
700 ## - ADDED ENTRY--PERSONAL NAME
Personal name Kumaresan,V
700 ## - ADDED ENTRY--PERSONAL NAME
Personal name Arumugam,N
942 ## - ADDED ENTRY ELEMENTS (KOHA)
Source of classification or shelving scheme Dewey Decimal Classification
Item type English Books
Call number suffix ARU
Classification part 580
Holdings
Withdrawn status Lost status Materials specified (bound volume or other part) Not for loan Collection code Home library Current library Date acquired Source of acquisition Cost, normal purchase price Full call number Barcode Copy number Cost, replacement price Koha item type
    v1   Non-fiction Central Library Central Library 10/02/2020 DBAD/PUB 450.00 580 ARU EN-111303 1 450.00 English Books
    v2   Non-fiction Central Library Central Library 10/02/2020 DBAD/PUB 330.00 580 ARU EN-111304 1 330.00 English Books
    v3   Non-fiction Central Library Central Library 10/02/2020 DBAD/PUB 310.00 580 ARU EN-111305 1 310.00 English Books
    v4   Non-fiction Central Library Central Library 10/02/2020 DBAD/PUB 310.00 580 ARU EN-111306 1 310.00 English Books
    v5   Non-fiction Central Library Central Library 10/02/2020 DBAD/PUB 490.00 580 ARU EN-111307 1 490.00 English Books
    v6   Non-fiction Central Library Central Library 10/02/2020 DBAD/PUB 530.00 580 ARU EN-111308 1 530.00 English Books
    v7   Non-fiction Central Library Central Library 10/02/2020 DBAD/PUB 480.00 580 ARU EN-111309 1 480.00 English Books
    v8   Non-fiction Central Library Central Library 10/02/2020 DBAD/PUB 350.00 580 ARU EN-111310 1 350.00 English Books

© Delhi Public Library
Hit Counter
free hit counter